00430nam a2200169Ia 4500003000400000005001700004008004100021020001800062040000700080041000800087082001900095100001700114245005500131260004500186300001600231365001300247OSt20230327150227.0210423s2008 xx 000 0 und d a9788173194726 cAL aeng a543 223bMOHJ aMOHAN (Jag). aOrganic analytical chemistry: theory and practice. aNew DelhibNarosa Publishing Housec2008 axii,660bPB b395cINR